Most common female first names in USA A-Z - Statistics

General Stats
  • This quiz has been taken 196 times
  • The average score is 10 of 26
Answer Stats
Number of people Hint Answer % Correct
3 991 000 M Mary
76%
1 415 000 J Jennifer
64%
1 422 000 E Elizabeth
61%
1 488 000 B Barbara
55%
1 629 000 P Patricia
52%
2 205 000 S Susan
52%
562 000 F Frances
51%
858 000 C Carol
50%
1 016 000 N Nancy
49%
1 571 000 L Linda
47%
281 000 W Wendy
45%
1 006 000 H Helen
40%
1 013 000 K Karen
38%
27 000 U Ursula
36%
14 000 Q Queen
32%
510 000 T Teresa
31%
710 000 A Angela
28%
1 104 000 D Dorothy
26%
383 000 I Irene
26%
853 000 R Ruth
22%
653 000 V Virginia
22%
509 000 G Gloria
19%
175 000 Y Yolanda
15%
106 000 O Olga
12%
6 000 X Xiomara
6%
20 000 Z Zelma
5%
No matching quizzes found
Score Distribution
Percent of People with Each Score
Percentile by Number Answered
Your Score History
You have not taken this quiz